Nursery rhymes

Bibliographic Details
Other Authors: Hewit, Angela, Smith, Lesley
Format: Book
Published: Nottinghamshire : Award Publications Limited , 2014
Series:My Little Treasura
Subjects:

MARC

LEADER 00000cam a2200000 7i4500
001 0000278578
005 20200219103658.0
020 |a 9781782700616 
090 0 0 |a JF   |b NUR 
245 0 0 |a Nursery rhymes   |c illustrated by; Lesley Smith and Angela Hewit 
260 |a Nottinghamshire :   |b Award Publications Limited ,   |c 2014 
300 |a 1v.(unpaged) :   |b col.ill. ;   |c 11cm. 
490 0 |a My Little Treasura 
500 |a Play & Learn Library 
521 |a Aged 1+ 
650 0 |a Children's stories 
700 1 |a Hewit, Angela 
700 1 |a Smith, Lesley 
999 |a 00380328   |b BUKU   |c PINJAMAN   |e PERPUSTAKAAN KOMUNITI CAW KOTA DAMANSARA 
999 |a 00380329   |b BUKU   |c PINJAMAN   |e PERPUSTAKAAN KOMUNITI CAW KOTA DAMANSARA 
999 |a 00380330   |b BUKU   |c PINJAMAN   |e PERPUSTAKAAN KOMUNITI PETALING JAYA 
999 |a 00380331   |b BUKU   |c PINJAMAN   |e PERPUSTAKAAN KOMUNITI PETALING JAYA